|
|
|
|
| LEADER |
00000cam a2200000 a 4500 |
| 001 |
TE-18 |
| 005 |
20230308192319.0 |
| 008 |
000000|1981 ||||||||r|||||||||||spa|| |
| 040 |
|
|
|b spa
|
| 041 |
1 |
|
|a spa
|
| 245 |
1 |
1 |
|a Sistema de alumbrado público de la ciudad de Cuenca
|c Fredy Pozo y Guillermo Vimos M.
|h imp
|
| 264 |
|
|
|a Cuenca
|c 1981
|
| 300 |
|
|
|a 2 v.
|b ilu
|c 30 cm
|e incluye planos
|
| 502 |
|
|
|a Ingeniero Eléctrico
|b Universidad de Cuenca
|c ing
|d Viteri Salazar, Hugo, dir.
|e INGENIERIA ELECTRICA
|
| 504 |
|
|
|a incl. ref.
|
| 520 |
3 |
|
|a Se recopila la información del alumbrado público de la ciudad de Cuenca, en el período 1977-1980, realizandose una medición de los niveles lumínicos en diversos sectores, para luego compararlos con los mínimos requeridos y si se justifica realizar un cambio de los sistemas de iluminación. Se estudia también los sectores en los que se va a ampliar el servicio. En el primer tomo se analizan conceptos y en el segundo se realiza el proyecto de electrificación de la Avenida de las Américas
|
| 650 |
1 |
|
|a Alumbrado publico
|9 135653
|
| 650 |
|
|
|a Tesis en ingenieria electrica
|9 131323
|
| 650 |
1 |
0 |
|a Rebelión
|9 675
|
| 700 |
1 |
|
|a Pozo M, Freddy
|e coautor
|9 135840
|
| 700 |
1 |
|
|a Vimos M., Guillermo
|e coautor
|9 135841
|
| 852 |
|
|
|a UC-CDJBV
|c CUARTO PISO (SECCION TESIS)
|f Donación
|k mariana.quezada
|l 1
|m Limitada
|p 00000000
|t TE-18
|b 1
|d CDRC
|e CDRC
|g CUARTO PISO (SECCION TESIS)
|z 0000-00-00
|
| 942 |
|
|
|c TS
|
| 999 |
|
|
|c 79004
|d 79004
|